000 02263cam a2200529 i 4500
001 xx004599306
003 NUKAT
005 20260408120341.0
008 190424s2019 pl a |001 0dpol c
020 _a9788380985940
_q(oprawa twarda) :
_czł 59,00
035 _a(OCoLC)1100288693
035 _a(NUKAT)xx004599306
040 _aKR 303/MS
_bpol
_erda
_cKR 303/MS
_dKR 303/DW
_dOLSZR 008/bak
041 1 _apol
_ageo
_hpol
045 2 _bd1921
_bd1939
046 _k2015
100 1 _aKolbaia, Dawid
_d(1963- ).
_eAutor
_915879
240 1 0 _aPod skrzydłami Rzeczypospolitej
_l(pol.)
245 1 0 _aPod skrzydłami Rzeczypospolitej :
_bemigracja gruzińska w Polsce 1921-1939 = Rečpospilitas p'rt'ebk'veš : k'art'uli emigrac'ia Polonet'ši 1921-1939 /
_cDavid Kolbaia.
246 3 1 _aRečpospilitas p'rt'ebk'veš :
_bk'art'uli emigrac'ia Polonet'ši 1921-1939
260 _aWarszawa :
_bInstytut Pamięci Narodowej,
_c2019.
300 _a247 stron :
_bilustracje ;
_c30 cm.
336 _aTekst
_btxt
_2rdacontent
337 _aBez urządzenia pośredniczącego
_bn
_2rdamedia
338 _aWolumin
_bnc
_2rdacarrier
380 _aAlbumy i książki artystyczne
380 _aKsiążki
388 1 _a2001-
504 _aBibliografia na stronach 233-234. Indeks.
546 _aTekst równoległy w języku polskim i gruzińskim.
610 2 7 _aWojsko Polskie (1918-1939)
_2DBN
_937311
610 1 7 _aPolska.
_bWojsko Polskie (1918-1939)
_xi mniejszości
_vwydawnictwa ilustrowane.
_2kaba
_939630
648 7 _a1901-2000
_2DBN
_934996
648 7 _a1918-1939
_2DBN
_936041
650 7 _aEmigracja
_2DBN
_939632
650 7 _aFotografia polska
_2DBN
_935386
650 7 _aGruzini
_2DBN
_939629
650 7 _aGruzini
_zPolska
_y1900-1945
_vwydawnictwa ilustrowane.
_2kaba
_939631
650 7 _aŻołnierze gruzińscy
_zPolska
_y1900-1945
_vwydawnictwa ilustrowane.
_2kaba
_939633
651 7 _aPolska
_2DBN
_935076
655 7 _aAlbum
_2DBN
_935390
658 _aHistoria
700 1 2 _aKolbaia, Dawid
_d(1963- ).
_tPod skrzydłami Rzeczypospolitej
_l(gruz.)
_939626
710 2 _aInstytut Pamięci Narodowej - Komisja Ścigania Zbrodni przeciwko Narodowi Polskiemu.
_eWydawca
_4pbl
_911792
920 _a978-83-8098-594-0 (oprawa twarda) : zł 59,00
942 _2ddc
_cBK_NM
999 _c27470
_d27470